| 000 | 00990nam a22002775a 4500 | ||
|---|---|---|---|
| 008 | 150802t2011 nyuad frd 001 0 eng d | ||
| 020 | _a0071325867 | ||
| 020 | _a9780071325868 | ||
| 040 |
_aEG-ScBUE _beng _cEG-ScBUE |
||
| 082 | 0 | 4 |
_a658.1599 _bROB _222 |
| 100 | 1 |
_aRobin, J. Ashok. _938283 |
|
| 245 | 1 | 0 |
_aInternational corporate finance / _bJ. Ashok Robin. |
| 250 | _3McGraw-Hil International ed. | ||
| 260 |
_aNew York : _bMcGraw-Hill, _c2011. |
||
| 300 |
_axix, 440 p. : _bcharts, tables ; _c29 cm. |
||
| 490 | 0 | _aThe McGraw-Hill/Irwin series in finance, insurance and real estate | |
| 500 | _aIndex : p. 423-440. | ||
| 500 | _aGlossary : p. 417-422. | ||
| 500 | _aThis international student edition is for use outside of the u.s. | ||
| 650 | 7 |
_aInternational business enterprises. _xFinance _2BUEsh _932766 |
|
| 650 | 7 |
_aCorporations _xFinance. _2BUEsh _92321 |
|
| 651 | _2BUEsh | ||
| 653 |
_bBUSADM _cAugust2015 |
||
| 655 |
_vreading book _934232 |
||
| 942 |
_2ddc _k658.1599 ROB |
||
| 999 |
_c20410 _d20382 |
||